Southville International School and Colleges
Your cart is empty.
  • Cart
  • Lists
    Public lists Eva Luna New books Lux_list list_1
    Your lists Log in to create your own lists
  • Log in to your account
  • Your cookies
  • Search history
Southville International School and Colleges
  • Advanced search
  • Recent comments
  • Most popular
  • Libraries

Log in to your account

Log in with GOOGLE


If you do not have an external account, but do have a local account, you can still log in:

  1. Home
  2. MARC view: The Æneid of Virgil :
Normal view MARC view ISBD view

The Æneid of Virgil : (Record no. 247721)

[ view plain ]
MARC details
000 -LEADER
fixed length control field 00930cam a22002893a 4500
001 - CONTROL NUMBER
control field 18466
003 - CONTROL NUMBER IDENTIFIER
control field PGUSA
005 - DATE AND TIME OF LATEST TRANSACTION
control field 20140828083407.0
008 - FIXED-LENGTH DATA ELEMENTS--GENERAL INFORMATION
fixed length control field 060528s2006||||xxu|||||s|||||000 p eng d
040 ## - CATALOGING SOURCE
Original cataloging agency PGUSA
Language of cataloging eng
042 ## - AUTHENTICATION CODE
Authentication code dc
050 #4 - LIBRARY OF CONGRESS CALL NUMBER
Classification number PA
100 1# - MAIN ENTRY--PERSONAL NAME
Personal name Virgil,
Dates associated with a name -70--19
245 14 - TITLE STATEMENT
Title The Æneid of Virgil :
Remainder of title Translated into English Verse by E. Fairfax Taylor
Medium [electronic resource] /
Statement of responsibility, etc Virgil
260 ## - PUBLICATION, DISTRIBUTION, ETC. (IMPRINT)
Name of publisher, distributor, etc Project Gutenberg,
Date of publication, distribution, etc 2006
500 ## - GENERAL NOTE
General note See also PG#22456 Tr. by J. W. Mackail
506 ## - RESTRICTIONS ON ACCESS NOTE
Terms governing access Public domain in the USA.
516 ## - TYPE OF COMPUTER FILE OR DATA NOTE
Type of computer file or data note Electronic text
653 ## - INDEX TERM--UNCONTROLLED
Uncontrolled term Epic poetry, Latin -- Translations into English
653 ## - INDEX TERM--UNCONTROLLED
Uncontrolled term Aeneas (Legendary character) -- Poetry
700 1# - ADDED ENTRY--PERSONAL NAME
Personal name Maine J. P.
700 1# - ADDED ENTRY--PERSONAL NAME
Personal name Taylor, Edward Fairfax
740 0# - ADDED ENTRY--UNCONTROLLED RELATED/ANALYTICAL TITLE
Uncontrolled related/analytical title Aeneid of Virgil Translated into English Verse
830 #0 - SERIES ADDED ENTRY--UNIFORM TITLE
Uniform title Project Gutenberg
Volume number/sequential designation 18466
856 40 - ELECTRONIC LOCATION AND ACCESS
Uniform Resource Identifier <a href="http://www.gutenberg.org/ebooks/18466">http://www.gutenberg.org/ebooks/18466</a>
942 ## - ADDED ENTRY ELEMENTS (KOHA)
Koha item type eBooks
Holdings
Withdrawn status Lost status Damaged status Home library Current library Date acquired Total Checkouts Date last seen Price effective from Koha item type
      Project Gutenberg Project Gutenberg 08/28/2014   08/28/2014 08/28/2014 eBooks

The Æneid of Virgil :

APA

Virgil, Maine J. P & Taylor E. F. (2006). The Æneid of Virgil. : Project Gutenberg.

Chicago

Virgil, Maine J. P and Taylor Edward Fairfax. 2006. The Æneid of Virgil. : Project Gutenberg.

Harvard

Virgil, Maine J. P and Taylor E. F. (2006). The Æneid of Virgil. : Project Gutenberg.

MLA

Virgil, Maine J. P and Taylor Edward Fairfax. The Æneid of Virgil. : Project Gutenberg. 2006.

  • Place hold
  • Print
  • Cite
  • Add to your cart (remove)
  • Save record
    BIBTEX Dublin Core MARCXML MARC (non-Unicode/MARC-8) MARC (Unicode/UTF-8) MARC (Unicode/UTF-8, Standard) MODS (XML) RIS
  • More searches
    Search for this title in:
    Other Libraries (WorldCat) Other Databases (Google Scholar) Online Stores (Bookfinder.com) Open Library (openlibrary.org)

Exporting to Dublin Core...

SOUTHVILLE LIBRARY

Southville International School and Colleges Library

1281 Tropical Ave. Cor. Luxembourg St., BF Homes International, Las Pinas City

Tel. No. 8256374 / 252358 Loc. 117/146

Powered by Koha